Statystyki dla Dni Wolne od Pracy w Polsce

Kliknij tutaj aby rozwiązać quiz!

Ogólne statystyki

  • Ten quiz został rozwiązany 932 razy
  • Średni wynik to 10 z 13

Statystyki odpowiedzi

DataŚwięto% Poprawnych
1 styczniaNowy Rok
97%
6 styczniaŚwięto Trzech Króli
95%
1 majaŚwięto Pracy
90%
25 grudniaI dzień Bożego Narodzenia
89%
święto ruchomeI dzień Wielkiej Nocy
86%
11 listopadaNarodowe Święto Niepodległości
84%
26 grudniaII dzień Bożego Narodzenia
80%
święto ruchomeII dzień Wielkiej Nocy
75%
1 listopadaWszystkich Świętych
75%
święto ruchomeBoże Ciało
66%
15 sierpniaWniebowzięcie Najświętszej Marii Panny
45%
święto ruchomeZielone Świątki
38%
3 majaŚwięto Narodowe Trzeciego Maja
32%

Rozkład punktacji

Percentyl według liczby udzielonych odpowiedzi

Procent ludzi z każdym wynikiem

Twoja historia wyników

Nie rozwiązałeś tego quizu